000 00677nam a2200217Ia 4500
003 OSt
005 20230602111733.0
008 210423s2012 xx 000 0 und d
020 _a978-93-80731-66-7
040 _cAL
041 _aeng
082 _a362.8292 AGAF
100 _aAGARWAL (M B)
_9118770
245 _aFamily violence in India: human rights issues action and international companions
260 _aDelhi
_bNavyug Books
_c2012
300 _av,296
_bHB
365 _b895
_cINR
650 _aSocial Welfare Problems & Services
_9118771
906 _aaction ; companions ; Family ; human ; India: ; international ; issues ; rights ; violence
942 _2ddc
_cBK
999 _c176489
_d176489